ඉබි පිහාටු /

Ibi pihatu
Saved in:
Bibliographic Details
Main Author: ලියනවඩුගේ, මනෝරි
Format: Book
Published: ගම්පහ : මින්සර ප්‍රකාශකයෝ, 2025.
Subjects:
Tags: Add Tag
No Tags, Be the first to tag this record!

MARC

LEADER 00000nam a2200000 4500
003 LK-CoNLD
005 20260122150130.0
008 251210b |||||||| |||| 00| 0 ||| d
015 |2 slnb  |a slnb202511 
017 |a 504330  |b LK-CoDNA 
020 |a 9786245536689 
040 |a LK-CoNLD  |b SIN  |c LK-CoNLD  |d LK-CoNLD 
082 |2 23  |q LK-CoNLD  |a 891.483 
100 |a ලියනවඩුගේ, මනෝරි  |9 9821 
245 |6 880-1  |a ඉබි පිහාටු /  |c මනෝරි ලියනවඩුගේ. 
260 |a ගම්පහ :  |b මින්සර ප්‍රකාශකයෝ,  |c 2025. 
300 |a පි. 252 ;  |c සෙමී. 22.  |b මැබැ-බෝක : රු. 950.00 
650 0 |a සිංහල ප්‍රබන්ධ  |9 814 
650 0 |a කාන්තා හිංසනය- ප්‍රබන්ධ  |9 91868 
650 0 |a Sinhalese fiction  |9 815 
880 |6 245-1  |a Ibi pihatu 
942 |c BOOK 
945 |a 18246  |b Chamari MUTHUMALI  |c 12  |d Thilosha LIYANAGE 
999 |c 295102  |d 295102